「温泉」で終わる駅 - Statistics

General Stats
  • This quiz has been taken 449 times
    446 since last reset
  • The average score is 25 of 56
Answer Stats
事業者 所在地 % Correct
JR西日本 福井県あわら市 芦原温泉駅
84%
JR西日本 石川県加賀市 加賀温泉駅
83%
JR九州 佐賀県嬉野市 嬉野温泉駅
80%
JR九州 佐賀県武雄市 武雄温泉駅
80%
JR東日本 山形県上山市 かみのやま温泉駅
75%
神戸電鉄 兵庫県神戸市 有馬温泉駅
74%
JR西日本 兵庫県豊岡市 城崎温泉駅
74%
JR西日本 富山県黒部市 黒部宇奈月温泉駅
74%
JR西日本 石川県七尾市 和倉温泉駅
72%
東武鉄道 栃木県日光市 鬼怒川温泉駅
71%
JR東日本 青森県大鰐町 大鰐温泉駅
65%
JR東日本 山梨県笛吹市 石和温泉駅
64%
伊予鉄道 愛媛県松山市 道後温泉駅
64%
JR九州 鹿児島県霧島市 霧島温泉駅
61%
JR東日本 宮城県大崎市 鳴子温泉駅
59%
富山地方鉄道 富山県黒部市 宇奈月温泉駅
58%
JR東日本 山形県鶴岡市 あつみ温泉駅
57%
JR西日本 滋賀県大津市 おごと温泉駅
57%
福島交通 福島県福島市 飯坂温泉駅
56%
小田急電鉄 神奈川県秦野市 鶴巻温泉駅
54%
青い森鉄道 青森県青森市 浅虫温泉駅
51%
JR西日本 山口県山口市 湯田温泉駅
51%
一畑電車 島根県松江市 松江しんじ湖温泉駅
50%
JR西日本 島根県松江市 玉造温泉駅
49%
JR北海道 北海道音威子府村 天塩川温泉駅
48%
JR東日本 長野県飯山市 戸狩野沢温泉駅
46%
上田電鉄 長野県上田市 別所温泉駅
46%
智頭急行 岡山県西粟倉村 あわくら温泉駅
45%
近畿日本鉄道 三重県菰野町 湯の山温泉駅
45%
IGRいわて銀河鉄道 岩手県二戸市 金田一温泉駅
43%
JR九州 熊本県人吉市 人吉温泉駅
42%
函館市電 北海道函館市 湯の川温泉停留場
41%
JR東海 山梨県身延町 下部温泉駅
37%
JR北海道 北海道弟子屈町 川湯温泉駅
36%
JR東日本 群馬県長野原町 川原湯温泉駅
34%
野岩鉄道 栃木県日光市 湯西川温泉駅
34%
JR東海 愛知県新城市 湯谷温泉駅
33%
野岩鉄道 栃木県日光市 中三依温泉駅
28%
JR東日本 群馬県渋川市 小野上温泉駅
27%
野岩鉄道 栃木県日光市 川治温泉駅
25%
WILLER TRAINS 京都府京丹後市 夕日ヶ浦木津温泉駅
25%
会津鉄道 福島県下郷町 湯野上温泉駅
25%
会津鉄道 福島県会津若松市 芦ノ牧温泉駅
23%
JR西日本 山口県下関市 川棚温泉駅
22%
大井川鐡道 静岡県川根本町 接岨峡温泉駅
22%
JR東日本 山形県最上町 赤倉温泉駅
21%
JR東日本 宮城県大崎市 川渡温泉駅
21%
JR東日本 山形県最上町 瀬見温泉駅
21%
JR東日本 宮城県大崎市 中山平温泉駅
20%
JR九州 宮崎県えびの市 京町温泉駅
19%
肥薩おれんじ鉄道 熊本県八代市 日奈久温泉駅
19%
長良川鉄道 岐阜県郡上市 みなみ子宝温泉駅
17%
秋田内陸縦貫鉄道 秋田県北秋田市 阿仁前田温泉駅
16%
JR東日本 秋田県鹿角市 湯瀬温泉駅
14%
JR東日本 秋田県大館市 大滝温泉駅
10%
明知鉄道 岐阜県恵那市 花白温泉駅
9%
No matching quizzes found
Score Distribution
Percent of People with Each Score
Percentile by Number Answered
Your Score History
You have not taken this quiz since the last reset